|
|
|
|
| LEADER |
00000cam a2200000 7i4500 |
| 001 |
0000003141 |
| 002 |
000003397 |
| 005 |
20081106.0 |
| 020 |
|
|
|a 9836236929
|
| 090 |
0 |
0 |
|a 302.23
|b MOH
|
| 100 |
0 |
|
|a Mohamad Md.Yusoff
|
| 245 |
1 |
0 |
|a Media dan masyarakat :
|b satu kumpulan esei
|c Mohamad Md. Yusoff
|
| 260 |
|
|
|a Kuala Lumpur :
|b DBP ,
|c 1993
|
| 300 |
|
|
|a 99p. ;
|c 21cm.
|
| 650 |
0 |
0 |
|a Mass media
|x Social aspects
|
| 650 |
0 |
0 |
|a Mass media
|z Malaysia
|
| 650 |
0 |
0 |
|a Television broadcasting
|x Social aspects
|
| 999 |
|
|
|a 036731
|b BUKU
|c PINJAMAN
|e PERPUSTAKAAN KOMUNITI PETALING JAYA
|
| 999 |
|
|
|a 051926
|b BUKU
|c PINJAMAN
|e PERPUSTAKAAN KOMUNITI PETALING JAYA
|
| 999 |
|
|
|a 051927
|b BUKU
|c PINJAMAN
|e PERPUSTAKAAN KOMUNITI PETALING JAYA
|
| 999 |
|
|
|a 054107
|b BUKU
|c PINJAMAN
|e PERPUSTAKAAN KOMUNITI PETALING JAYA
|